Intelligent systems : (Record no. 158500)

MARC details
000 -LEADER
fixed length control field 00847nam a2200265 a 4500
008 - FIXED-LENGTH DATA ELEMENTS--GENERAL INFORMATION
fixed length control field
020 ## - INTERNATIONAL STANDARD BOOK NUMBER
International Standard Book Number 0471193747 (hbk.)
049 ## - LOCAL HOLDINGS (OCLC)
Holding library MAIN
050 00 - LIBRARY OF CONGRESS CALL NUMBER
Classification number TJ217.5
Item number .A43 2002
003 - CONTROL NUMBER IDENTIFIER
control field
005 - DATE AND TIME OF LATEST TRANSACTION
control field 20241120163807.0
040 ## - CATALOGING SOURCE
Transcribing agency NUST
100 1# - MAIN ENTRY--PERSONAL NAME
Personal name Meystel, A.
Fuller form of name (Alex)
245 10 - TITLE STATEMENT
Title Intelligent systems :
Remainder of title architecture, design, and control /
Statement of responsibility, etc. Alexander M. Meystel, James S. Albus.
260 ## - PUBLICATION, DISTRIBUTION, ETC.
Place of publication, distribution, etc. New York :
Name of publisher, distributor, etc. Wiley,
Date of publication, distribution, etc. 2002.
300 ## - PHYSICAL DESCRIPTION
Extent xxi, 696 p. :
Other physical details ill. ;
Dimensions 26 cm.
440 #0 - SERIES STATEMENT/ADDED ENTRY--TITLE
Title Wiley series on intelligent systems.
500 ## - GENERAL NOTE
General note Includes index.
500 ## - GENERAL NOTE
General note "A Wiley-Interscience Publication."
504 ## - BIBLIOGRAPHY, ETC. NOTE
Bibliography, etc. note Includes bibliographical references.
650 #0 - SUBJECT ADDED ENTRY--TOPICAL TERM
Topical term or geographic name entry element Intelligent control systems.
700 1# - ADDED ENTRY--PERSONAL NAME
Personal name Albus, James Sacra.
907 ## - LOCAL DATA ELEMENT G, LDG (RLIN)
a .b10165289
b 01-02-07
c 16-06-05
942 ## - ADDED ENTRY ELEMENTS (KOHA)
Koha item type Ordinary Loan Books
Koha issues (borrowed), all copies 1
Holdings
Date last seen Total Checkouts Full call number Barcode Date last checked out Cost, replacement price Price effective from Koha item type Lost status Source of classification or shelving scheme Damaged status Not for loan Collection Withdrawn status Home library Current library Shelving location Date acquired Cost, normal purchase price
12/10/2024 11 TJ217.5 .A43 MEY 92003016391 11/20/2024 80.00 01/23/2023 BOOKS   LCC     NFIC   MAIN MAIN GEN 01/23/2023 80.00